| 000 | 01467cam a2200373 4500 | ||
|---|---|---|---|
| 001 | J110197 | ||
| 008 | 000000n2000 000 0 eng u | ||
| 022 | _a0307-4870 | ||
| 035 | _a(Sirsi) u110197 | ||
| 041 | _aeng | ||
| 050 |
_a711.1 _c18 |
||
| 110 |
_aJournal of Planning and Environment Law _92913 |
||
| 245 | _aPluscachange.com | ||
| 260 |
_aLondon _bSweet & Maxwell _c2000 |
||
| 300 |
_a77p. _c25cm. |
||
| 490 | _aJournal of Planning and Environment Law Occasional Paper | ||
| 505 | _aRaynsford, Nick - Key note address | ||
| 505 | _aSwann, Philip - The modernising agenda | ||
| 505 | _aWinter, Paul - RIA - getting it right! | ||
| 505 | _aCarnwath, Robert Sir - Compulsory purchase - a model for law reform? | ||
| 505 | _aBrearley, Chris - [email protected] | ||
| 505 | _aEvans, Paul - Transforming people and places: policy and practice on regeneration | ||
| 505 | _aWilliams, Huw - E-commerce is more than a dot come address | ||
| 520 | _aPapers from a conference held at New College, Oxford, September 15-17, 2000, organised by the Bar Council, the Law Society and the Royal Institution of Chartered Surveyors. | ||
| 650 | _aPLANNING | ||
| 650 | _aREGENERATION | ||
| 650 | _aE-COMMERCE | ||
| 650 | _aINTERNET | ||
| 650 | _aENVIRONMENTAL IMPACT ASSESSMENTS | ||
| 650 |
_aCompulsory purchase _96228 |
||
| 650 | _aDEVELOPMENT | ||
| 690 | _aENVIRONMENTAL AND LAND CONSULTANCY-PLANNING AND DEVELOPMENT | ||
| 942 | _n0 | ||
| 999 |
_c101072 _d101072 |
||